So you think you know...The Starks - Statistics

General Stats
  • This quiz has been taken 1,514 times
  • The average score is 14 of 15
Answer Stats
Hint Answer % Correct
Lord of Winterfell Lord Eddard Stark
99%
Second Born Sansa Stark
99%
First Born Robb Stark
98%
Third Born Bran Stark
97%
Baseborn Jon Snow
96%
Wife to the Lord of Winterfell Catelyn Stark
95%
Fifth Born Rickon Stark
95%
The motto of house Stark Winter is Coming
95%
Forth Born Arya Stark
94%
The sigil of the house Stark Direwolf
93%
Brother of the Lord of Winterfell, serves in the Nights Watch Benjen Stark
90%
Name of the Valyrian steel sword owned by the Lord of Winterfell Ice
88%
Said to be the closest friend the Lord of Winterfell has King Robert Baretheon
85%
Sister to the Lord of Winterfell Lyanna Stark
84%
Father to the Lord of Winterfell Lord Rickard Stark
56%
No matching quizzes found
Score Distribution
Percent of People with Each Score
Percentile by Number Answered
Your Score History
You have not taken this quiz